[Event "Riga Tech Rapid op"]
[Site "Riga"]
[Date "2023.08.06"]
[Round "4"]
[White "Akesson, Ralf"]
[Black "Springis, Jevgenijs"]
[Result "1-0"]
[WhiteElo "2413"]
[BlackElo "1859"]
[PlyCount "148"]
[EventDate "2023.08.06"]
[EventType "swiss (rapid)"]
[EventRounds "9"]
[EventCountry "LAT"]
[SourceTitle "CBM 215 Extra"]
[Source "ChessBase"]
[SourceDate "2023.09.30"]
[SourceVersion "1"]
[SourceVersionDate "2023.09.30"]
[SourceQuality "1"]

1. d4 Nf6 2. c4 g6 3. g3 Bg7 4. Bg2 0-0 5. Nc3 d6 6. Nf3 Nbd7 7. 0-0 Re8 8. e4 e5 9. d5 Nc5 10. Ne1 a5 11. Rb1 c6 12. b3 cxd5 13. cxd5 b6 14. f3 Ba6 15. Rf2 b5 16. a3 b4 17. axb4 axb4 18. Na2 Rb8 19. Bd2 Bd3 20. Ra1 Bxe4 21. fxe4 Ncxe4 22. Re2 Qb6+ 23. Be3 Qb5 24. Qd3 Qxd3 25. Nxd3 Nc3 26. Nxc3 bxc3 27. Nc1 Ng4 28. Ba7 Rb5 29. h3 Nf6 30. Ra6 Rd8 31. Rc6 Nxd5 32. Bxd5 Rxd5 33. Rxc3 Rd1+ 34. Kg2 d5 35. Bb6 Ra8 36. Bf2 e4 37. Rcc2 Bh6 38. Na2 f5 39. Nc3 Rd3 40. Be1 d4 41. Nxe4 fxe4 42. Rxe4 Re3 43. Rxe3 Bxe3 44. Kf3 Kf7 45. Ke4 Re8+ 46. Kd3 Ke6 47. Rc5 Kd6 48. Bb4 Ke6 49. Rb5 Ra8 50. Ke4 Bf2 51. g4 Ra1 52. Rb6+ Kd7 53. Rb7+ Kc6 54. Rxh7 Rb1 55. Rf7 Be3 56. Rf6+ Kb5 57. Bf8 Rxb3 58. Rxg6 Bc1 59. Kxd4 Rxh3 60. Bd6 Bb2+ 61. Ke4 Kc4 62. Be5 Ba3 63. g5 Rh1 64. Rc6+ Bc5 65. Bd6 Re1+ 66. Kf5 Kd5 67. Rxc5+ Kxd6 68. Rc8 Rf1+ 69. Kg6 Ke7 70. Kg7 Rf7+ 71. Kh6 Rf1 72. g6 Rg1 73. Kg7 Ke6 74. Re8+ Kd5 1-0

[Event "LAT-ch"]
[Site "Riga"]
[Date "2021.09.22"]
[Round "7"]
[White "Springis, Jevgenijs"]
[Black "Starostits, Ilmars"]
[Result "0-1"]
[WhiteElo "1879"]
[BlackElo "2428"]
[PlyCount "60"]
[EventDate "2021.09.17"]
[EventType "swiss"]
[EventRounds "8"]
[EventCountry "LAT"]
[SourceTitle "EXT 2022"]
[Source "ChessBase"]
[SourceDate "2021.10.06"]
[SourceVersion "1"]
[SourceVersionDate "2021.10.06"]
[SourceQuality "1"]

1. c4 e5 2. g3 Nc6 3. Bg2 Bc5 4. a3 a6 5. b4 Ba7 6. Bb2 d6 7. d3 f5 8. Nc3 Nf6 9. e3 0-0 10. Nge2 f4 11. gxf4 Ng4 12. Qd2 Qh4 13. Nd1 Bxe3 14. Bd5+ Kh8 15. Qxe3 Nxe3 16. Nxe3 Bg4 17. Nxg4 Qxg4 18. Rg1 Qh5 19. Kd2 Rae8 20. Rg5 Qh6 21. Rag1 Ne7 22. Be4 Ng8 23. Kd1 Nf6 24. Bxb7 Re7 25. fxe5 dxe5 26. Bxa6 Rd8 27. R1g3 Ne4 28. Bc1 Nxg3 29. Rxg3 Qxa6 30. Bg5 Ree8 0-1

[Event "Nizami Ganjavi 880 years U17"]
[Site "Tornelo INT"]
[Date "2021.04.04"]
[Round "9.7"]
[White "Springis, Jevgenijs"]
[Black "Brnusak, Tomas"]
[Result "1/2-1/2"]
[WhiteElo "1817"]
[BlackElo "2095"]
[PlyCount "104"]
[EventDate "2021.04.02"]
[EventType "team-swiss (blitz)"]
[EventRounds "9"]
[EventCountry "AZE"]
[SourceTitle "EXT 2023"]
[Source "ChessBase"]
[SourceDate "2022.10.05"]
[SourceVersion "1"]
[SourceVersionDate "2022.10.05"]
[SourceQuality "1"]
[WhiteTeam "Latvia"]
[BlackTeam "Czech Republic"]
[WhiteTeamCountry "LAT"]
[BlackTeamCountry "CZE"]

1. Nf3 Nf6 2. c4 g6 3. Nc3 Bg7 4. e4 d6 5. d4 0-0 6. Be2 e5 7. 0-0 Nc6 8. Be3 Ng4 9. Bg5 f6 10. Bh4 Qe8 11. d5 Ne7 12. Ne1 f5 13. Nd3 h6 14. h3 Nf6 15. Bxf6 Bxf6 16. b4 a5 17. a3 b6 18. f3 f4 19. c5 g5 20. cxd6 cxd6 21. Nf2 Ba6 22. Bxa6 Rxa6 23. Qd3 Ra8 24. Rfc1 Qd7 25. Ra2 axb4 26. axb4 Rxa2 27. Nxa2 Qa4 28. Qc2 Qa3 29. Nd1 g4 30. hxg4 Bh4 31. Ndc3 Rc8 32. Qd2 Qa6 33. Qe2 Qa3 34. Qd2 Qa6 35. Ne2 Rxc1+ 36. Naxc1 b5 37. Nc3 Nc8 38. Qe2 Na7 39. Nb3 Qb6+ 40. Kf1 Kf7 41. g3 Bxg3 42. Kg2 Kg6 43. Na5 Qd4 44. Na2 Qb6 45. Nc3 Qd8 46. Nxb5 Nxb5 47. Qxb5 Qh4 48. Qe8+ Kg7 49. Qd7+ Kg8 50. Qe8+ Kg7 51. Qd7+ Kg8 52. Qe8+ Kg7 1/2-1/2

[Event "Nizami Ganjavi 880 years U17"]
[Site "Tornelo INT"]
[Date "2021.04.03"]
[Round "4.7"]
[White "Springis, Jevgenijs"]
[Black "Pedmanson, Herman"]
[Result "1/2-1/2"]
[WhiteElo "1817"]
[BlackElo "1873"]
[PlyCount "145"]
[EventDate "2021.04.02"]
[EventType "team-swiss (blitz)"]
[EventRounds "9"]
[EventCountry "AZE"]
[SourceTitle "EXT 2023"]
[Source "ChessBase"]
[SourceDate "2022.10.05"]
[SourceVersion "1"]
[SourceVersionDate "2022.10.05"]
[SourceQuality "1"]
[WhiteTeam "Latvia"]
[BlackTeam "Estonia"]
[WhiteTeamCountry "LAT"]
[BlackTeamCountry "EST"]

1. Nf3 b5 2. e4 a6 3. d4 Bb7 4. Bd3 e6 5. 0-0 Nf6 6. Qe2 Be7 7. b3 d5 8. e5 Ne4 9. c4 b4 10. Bb2 c5 11. cxd5 exd5 12. Nbd2 Nc3 13. Bxc3 bxc3 14. Nb1 Qa5 15. Rc1 cxd4 16. Nxd4 Qb6 17. Nf5 d4 18. Qg4 g6 19. Qxd4 Bc5 20. Nd6+ Kf8 21. Qf4 Bxd6 22. exd6 Qc6 23. Qg3 Nd7 24. Nxc3 Kg7 25. Be4 Qb6 26. Bxb7 Qxb7 27. Qf3 Qxf3 28. gxf3 Ne5 29. Kg2 Rhd8 30. Ne4 f5 31. Rc7+ Kh6 32. Nf6 Rxd6 33. Nxh7 Rh8 34. f4 Nd3 35. Ng5 Nxf4+ 36. Kf3 Kxg5 37. Rg1+ Kf6 38. Kxf4 Rh4+ 39. Ke3 Rxh2 40. Rgc1 Rh3+ 41. Ke2 Re6+ 42. Kf1 Rh1+ 43. Kg2 Rxc1 44. Rxc1 g5 45. b4 Rb6 46. a3 Ke5 47. Kf3 Rd6 48. Re1+ Kf6 49. Ra1 Rd3+ 50. Ke2 Rb3 51. Ra2 Ke5 52. Kd2 g4 53. Kc2 Rf3 54. Kd1 Rd3+ 55. Kc2 Rd4 56. Kc3 Rd1 57. a4 Rc1+ 58. Kb2 Rd1 59. Kc2 Rd8 60. Kc3 Rc8+ 61. Kd3 f4 62. b5 axb5 63. axb5 Rd8+ 64. Kc4 Rc8+ 65. Kb4 g3 66. fxg3 fxg3 67. b6 Kf4 68. Kb5 Kf3 69. b7 Rb8 70. Kb6 g2 71. Rxg2 Kxg2 72. Kc7 Rxb7+ 73. Kxb7 1/2-1/2

[Event "Nizami Ganjavi 880 years U17"]
[Site "Tornelo INT"]
[Date "2021.04.02"]
[Round "2.7"]
[White "Krupa, Miroslav"]
[Black "Springis, Jevgenijs"]
[Result "1-0"]
[WhiteElo "2083"]
[BlackElo "1817"]
[PlyCount "77"]
[EventDate "2021.04.02"]
[EventType "team-swiss (blitz)"]
[EventRounds "9"]
[EventCountry "AZE"]
[SourceTitle "EXT 2023"]
[Source "ChessBase"]
[SourceDate "2022.10.05"]
[SourceVersion "1"]
[SourceVersionDate "2022.10.05"]
[SourceQuality "1"]
[WhiteTeam "Slovakia"]
[BlackTeam "Latvia"]
[WhiteTeamCountry "SVK"]
[BlackTeamCountry "LAT"]

1. e4 c6 2. d4 d5 3. Nd2 dxe4 4. Nxe4 Nf6 5. Nxf6+ exf6 6. Nf3 Bd6 7. Be2 0-0 8. 0-0 Na6 9. Be3 Be6 10. c4 Nc7 11. Qc2 Re8 12. Rfd1 Qc8 13. Rac1 g6 14. Qa4 Bd7 15. Qb3 Kg7 16. d5 c5 17. Qc2 Bf5 18. Qd2 g5 19. Bxg5 fxg5 20. Qxg5+ Bg6 21. Bd3 h6 22. Qd2 Qg4 23. Bxg6 Qxg6 24. a3 Re4 25. Re1 Rae8 26. Qc3+ Qf6 27. Rxe4 Qxc3 28. Rg4+ Kh7 29. bxc3 f5 30. Rh4 Re2 31. Re1 Rc2 32. h3 Rxc3 33. Ne5 Kg7 34. a4 Ra3 35. Rh5 Rxa4 36. Rxf5 Ra2 37. Rf7+ Kg8 38. Rd7 Ne8 39. Ng6 1-0

[Event "Nizami Ganjavi 880 years U17"]
[Site "Tornelo INT"]
[Date "2021.04.02"]
[Round "3.5"]
[White "Springis, Jevgenijs"]
[Black "Ahmadzada, Ahmad Samir"]
[Result "0-1"]
[WhiteElo "1817"]
[BlackElo "2431"]
[PlyCount "70"]
[EventDate "2021.04.02"]
[EventType "team-swiss (blitz)"]
[EventRounds "9"]
[EventCountry "AZE"]
[SourceTitle "EXT 2023"]
[Source "ChessBase"]
[SourceDate "2022.10.05"]
[SourceVersion "1"]
[SourceVersionDate "2022.10.05"]
[SourceQuality "1"]
[WhiteTeam "Latvia"]
[BlackTeam "Azerbaijan"]
[WhiteTeamCountry "LAT"]
[BlackTeamCountry "AZE"]

1. Nf3 Nf6 2. g3 d5 3. Bg2 Bf5 4. 0-0 e6 5. d3 Be7 6. Re1 0-0 7. Nbd2 c6 8. c3 h6 9. b4 a5 10. Qb3 axb4 11. cxb4 Na6 12. Nd4 Bh7 13. Nc2 b5 14. a4 bxa4 15. Rxa4 Qb6 16. Bb2 Nc5 17. bxc5 Qxb3 18. Nxb3 Rxa4 19. Ncd4 Rc8 20. f4 Nd7 21. Rc1 Ra2 22. Bc3 Nxc5 23. Na5 Bf6 24. Ndxc6 Nb3 25. Bxf6 Nxc1 26. Be5 Nxe2+ 27. Kf1 Bxd3 28. Ke1 Kh7 29. Bf1 f6 30. Nb4 Rc1+ 31. Kf2 Nc3+ 32. Nxa2 Rxf1+ 33. Ke3 Nxa2 34. Bb2 Be4 35. Nc6 Rb1 0-1

[Event "Wch FIDE Online U14 Europe qual"]
[Site "Tornelo INT"]
[Date "2020.12.09"]
[Round "7"]
[White "Springis, Jevgenijs"]
[Black "Zlatkov, Anton"]
[Result "0-1"]
[WhiteElo "1952"]
[BlackElo "1791"]
[PlyCount "124"]
[EventDate "2020.12.07"]
[EventType "swiss (rapid)"]
[EventRounds "7"]
[EventCountry "ISS"]
[SourceTitle "EXT 2022"]
[Source "ChessBase"]
[SourceDate "2021.10.06"]
[SourceVersion "1"]
[SourceVersionDate "2021.10.06"]
[SourceQuality "1"]

1. Nc3 Nf6 2. d4 d5 3. Bf4 Bf5 4. Nf3 e6 5. Qd2 Bb4 6. Bg5 Nbd7 7. Ne5 Nxe5 8. dxe5 Ne4 9. Bxd8 Nxd2 10. Bxc7 Ne4 11. a3 Bxc3+ 12. bxc3 Rc8 13. g4 Bxg4 14. Ba5 Bf5 15. e3 Nxc3 16. Bd3 Bxd3 17. cxd3 b6 18. Bb4 a5 19. Bxc3 Rxc3 20. Kd2 Rc6 21. Rhg1 g6 22. e4 dxe4 23. d4 Ke7 24. Ke3 Rc2 25. Rab1 Rb8 26. Rgc1 Rxc1 27. Rxc1 Kd7 28. Kxe4 Rc8 29. Rb1 Rc3 30. a4 Rc4 31. Rxb6 Rxa4 32. Rb7+ Ke8 33. Kd3 Ra2 34. Kc4 Rxf2 35. Kc5 Rd2 36. Ra7 Rc2+ 37. Kd6 Rc8 38. Rxa5 Rd8+ 39. Kc5 Rd5+ 40. Kb6 Rxa5 41. Kxa5 Ke7 42. Kb5 f5 43. Kc4 f4 44. h4 h6 45. Kd3 g5 46. Ke4 Kd7 47. h5 Kc6 48. d5+ exd5+ 49. Kf5 f3 50. Kg6 f2 51. Kxh6 f1Q 52. Kxg5 Qg2+ 53. Kf6 Qf3+ 54. Kg6 Qg4+ 55. Kh6 Qf4+ 56. Kg6 Qxe5 57. h6 d4 58. h7 d3 59. Kf7 Qh8 60. Kg6 d2 61. Kg5 d1R 62. Kh6 Rg1 0-1

[Event "EU-ch Online U14"]
[Site "Tornelo INT"]
[Date "2020.09.20"]
[Round "7"]
[White "Aslanov, Umid Fuad"]
[Black "Springis, Jevgenijs"]
[Result "1-0"]
[WhiteElo "1754"]
[BlackElo "1885"]
[PlyCount "73"]
[EventDate "2020.09.18"]
[EventType "swiss (rapid)"]
[EventRounds "9"]
[EventCountry "NET"]
[SourceTitle "EXT 2023"]
[Source "ChessBase"]
[SourceDate "2022.10.05"]
[SourceVersion "1"]
[SourceVersionDate "2022.10.05"]
[SourceQuality "1"]
[WhiteTeam "Azerbaijan"]
[BlackTeam "Latvia"]
[WhiteTeamCountry "AZE"]
[BlackTeamCountry "LAT"]

1. e4 c5 2. Nf3 d6 3. d4 cxd4 4. Nxd4 Nf6 5. Nc3 a6 6. Bc4 e6 7. Bb3 b5 8. 0-0 Be7 9. Qf3 Qb6 10. Be3 Qb7 11. Qg3 0-0 12. f3 Bd7 13. Rad1 Nc6 14. Nxc6 Bxc6 15. Ne2 Rfd8 16. Nd4 Bd7 17. Kh1 Rac8 18. c3 e5 19. Nf5 Bxf5 20. exf5 Qd7 21. f4 Qxf5 22. fxe5 Qxe5 23. Bf4 Qc5 24. Bh6 Nh5 25. Bxf7+ Kh8 26. Bxh5 gxh6 27. Rf7 Rg8 28. Qf3 Qe5 29. Rf5 Qg7 30. Re1 Rc7 31. Qe4 Rc4 32. Qf3 Rc7 33. Re2 Rf8 34. Rxe7 Rxf5 35. Re8+ Qg8 36. Rxg8+ Kxg8 37. Qxf5 1-0

[Event "EU-ch U14"]
[Site "Bratislava"]
[Date "2019.08.07"]
[Round "6"]
[White "Springis, Jevgenijs"]
[Black "Nezval, Filip1111"]
[Result "0-1"]
[WhiteElo "1634"]
[BlackElo "1874"]
[PlyCount "108"]
[EventDate "2019.08.02"]
[EventType "swiss"]
[EventRounds "9"]
[EventCountry "SVK"]
[SourceTitle "EXT 2020"]
[Source "ChessBase"]
[SourceDate "2019.10.17"]
[SourceVersion "1"]
[SourceVersionDate "2019.10.17"]
[SourceQuality "1"]

1. c4 Nf6 2. Nc3 e6 3. e4 e5 4. f4 d6 5. d4 exd4 6. Qxd4 Nc6 7. Qd1 Bg4 8. Be2 Bxe2 9. Ngxe2 g6 10. 0-0 Bg7 11. Rf3 Qd7 12. Rb1 0-0 13. b4 a6 14. a4 Rfe8 15. Qd3 Qe7 16. b5 axb5 17. axb5 Na5 18. Ng3 b6 19. Re3 Ng4 20. Re2 Nb7 21. Nd5 Qd7 22. h3 Nf6 23. Nxf6+ Bxf6 24. Be3 Rad8 25. Rd1 Qe6 26. f5 Qe5 27. Bd4 Qxd4+ 28. Qxd4 Bxd4+ 29. Rxd4 Re5 30. Rd5 Rde8 31. Rxe5 Rxe5 32. fxg6 hxg6 33. Nf1 Na5 34. Rc2 Rxe4 35. Nd2 Rf4 36. g3 Rf5 37. Kg2 Kg7 38. Rc3 Rc5 39. Kf3 d5 40. Ke3 dxc4 41. Kd4 Rxb5 42. Re3 Rc5 43. Kc3 Nb7 44. Nf3 Nd6 45. g4 Nb5+ 46. Kc2 c3 47. g5 Rf5 48. Kc1 c5 49. Rd3 Nd4 50. Nxd4 cxd4 51. h4 Rf4 52. Rh3 b5 53. Kc2 Rf2+ 54. Kb3 Rb2+ 0-1

[Event "EU-ch U14"]
[Site "Bratislava"]
[Date "2019.08.03"]
[Round "2"]
[White "Springis, Jevgenijs"]
[Black "Djurovic, Peko"]
[Result "0-1"]
[WhiteElo "1634"]
[BlackElo "2048"]
[PlyCount "92"]
[EventDate "2019.08.02"]
[EventType "swiss"]
[EventRounds "9"]
[EventCountry "SVK"]
[SourceTitle "EXT 2020"]
[Source "ChessBase"]
[SourceDate "2019.10.17"]
[SourceVersion "1"]
[SourceVersionDate "2019.10.17"]
[SourceQuality "1"]

1. e4 c5 2. Nf3 Nc6 3. d4 cxd4 4. Nxd4 Nf6 5. Nc3 e5 6. Ndb5 d6 7. Bg5 a6 8. Na3 b5 9. Nd5 Be7 10. Bxf6 Bxf6 11. c3 Bg5 12. Nc2 0-0 13. a4 bxa4 14. Rxa4 a5 15. Bc4 Kh8 16. Nce3 Bd7 17. Ra2 a4 18. h4 Bh6 19. g4 Bf4 20. Nf5 Na5 21. Bd3 g6 22. Nfe3 Nb3 23. Bc2 Nc5 24. Nxf4 exf4 25. Nd5 Re8 26. Qd4+ Re5 27. g5 Be6 28. c4 Bxd5 29. cxd5 Kg8 30. f3 Rc8 31. Rh2 Qb6 32. Re2 Re7 33. Kf1 Qb5 34. Bxa4 Nxa4 35. Rxa4 Rec7 36. Rb4 Qa5 37. Ra4 Rc1+ 38. Kf2 Qb5 39. Rb4 Qd7 40. Qf6 Qh3 41. Qxf4 Qf1+ 42. Ke3 Re1 43. Qh2 Rc2 44. Rb8+ Kg7 45. Qxd6 Qxe2+ 46. Kd4 Rc4+ 0-1

[Event "EU-ch U14"]
[Site "Bratislava"]
[Date "2019.08.02"]
[Round "1"]
[White "Brnusak, Tomas"]
[Black "Springis, Jevgenijs"]
[Result "1/2-1/2"]
[WhiteElo "2032"]
[BlackElo "1634"]
[PlyCount "105"]
[EventDate "2019.08.02"]
[EventType "swiss"]
[EventRounds "9"]
[EventCountry "SVK"]
[SourceTitle "EXT 2020"]
[Source "ChessBase"]
[SourceDate "2019.10.17"]
[SourceVersion "1"]
[SourceVersionDate "2019.10.17"]
[SourceQuality "1"]

1. d4 Nf6 2. c4 g6 3. Nc3 Bg7 4. e4 0-0 5. Be2 d6 6. Nf3 e5 7. 0-0 Nc6 8. d5 Ne7 9. Nd2 Nd7 10. b4 f5 11. f3 f4 12. Nb3 b6 13. c5 bxc5 14. bxc5 dxc5 15. Ba3 g5 16. Nxc5 Nxc5 17. Bxc5 Rf6 18. Rc1 a6 19. d6 cxd6 20. Nd5 Nxd5 21. Qxd5+ Be6 22. Qxd6 Qa5 23. a3 Bf7 24. Qd3 Rc6 25. Bb4 Qb6+ 26. Kh1 Rh6 27. Bc5 Qf6 28. Rfd1 Bf8 29. Qd7 Bb3 30. Bc4+ Bxc4 31. Rxc4 Qf7 32. Qxf7+ Kxf7 33. Rd7+ Kg6 34. Rd5 Rc8 35. Rxe5 Kh5 36. Bxf8 Rxc4 37. g4+ fxg3 38. Bxh6 Kxh6 39. hxg3 Ra4 40. Re6+ Kg7 41. f4 gxf4 42. gxf4 Rxa3 43. e5 a5 44. f5 a4 45. Ra6 Re3 46. Ra5 a3 47. Kg2 a2 48. Ra7+ Kf8 49. e6 Re5 50. Kf3 Rxf5+ 51. Ke4 Rb5 52. Rxa2 Ke7 53. Ra6 1/2-1/2

[Event "EU-ch U12 28th"]
[Site "Riga"]
[Date "2018.08.24"]
[Round "5"]
[White "Dias, Savin"]
[Black "Springis, Jevgenijs"]
[Result "1-0"]
[WhiteElo "1749"]
[BlackElo "1519"]
[PlyCount "99"]
[EventDate "2018.08.20"]
[EventType "swiss"]
[EventRounds "9"]
[EventCountry "LAT"]
[SourceTitle "CBM 186 Extra"]
[Source "ChessBase"]
[SourceDate "2018.08.24"]
[SourceVersion "1"]
[SourceVersionDate "2018.08.24"]
[SourceQuality "1"]

1. e4 e5 2. Nf3 Nc6 3. Bc4 Nf6 4. d3 Bc5 5. c3 d6 6. 0-0 0-0 7. Nbd2 Be6 8. Bb3 h6 9. h3 Qd7 10. Re1 Kh8 11. Nf1 Bxh3 12. gxh3 Qxh3 13. Be3 Ng4 14. Bxc5 dxc5 15. N3h2 f5 16. Nxg4 fxg4 17. Re3 Rf3 18. Be6 Raf8 19. Rxf3 Rxf3 20. Ng3 Qh4 21. Bf5 h5 22. Qd2 Ne7 23. Re1 Kg8 24. Be6+ Kh7 25. Re3 Rf6 26. Nf5 Qg5 27. Bd7 Nxf5 28. exf5 Rd6 29. Be6 g6 30. Qe2 gxf5 31. Rxe5 h4 32. Bxf5+ Kg7 33. Re7+ Kf8 34. Re8+ Kf7 35. Bxg4 Rg6 36. f3 h3 37. Kf2 Qh4+ 38. Kg1 Qg3+ 39. Kh1 Qg2+ 40. Qxg2 hxg2+ 41. Kg1 Kxe8 42. Bh5 Kf7 43. Bxg6+ Kxg6 44. Kxg2 Kf5 45. Kg3 b5 46. Kf2 Kf4 47. Ke2 a5 48. Kf2 c4 49. d4 b4 50. a3 1-0

[Event "Wch U12 blitz"]
[Site "Minsk"]
[Date "2018.06.24"]
[Round "1"]
[White "Springis, Jevgenijs"]
[Black "Maneluk, Daniil"]
[Result "0-1"]
[WhiteElo "1474"]
[BlackElo "2074"]
[PlyCount "84"]
[EventDate "2018.06.24"]
[EventType "swiss (blitz)"]
[EventRounds "9"]
[EventCountry "BLR"]
[SourceTitle "EXT 2019"]
[Source "ChessBase"]
[SourceDate "2018.10.10"]
[SourceVersion "1"]
[SourceVersionDate "2018.10.10"]
[SourceQuality "1"]

1. d4 Nf6 2. Bf4 c5 3. d5 b5 4. e3 a6 5. c4 d6 6. cxb5 g6 7. Nf3 Bg7 8. Nc3 0-0 9. Bd3 axb5 10. Bxb5 Qa5 11. 0-0 Ba6 12. Bxa6 Nxa6 13. a3 Rfb8 14. Qc2 Nc7 15. e4 Nd7 16. Nd2 Nb5 17. Nxb5 Rxb5 18. Nc4 Qa4 19. Qxa4 Rxa4 20. Rac1 Nb6 21. Nxb6 Rxb6 22. f3 Bxb2 23. Rb1 Rxa3 24. Kh1 Rab3 25. Bc1 Bxc1 26. Rxb3 Rxb3 27. Rxc1 Kg7 28. h3 f5 29. Kg1 fxe4 30. fxe4 Kf6 31. Rc4 Ke5 32. Kf2 Rd3 33. Ke2 Rd4 34. Rc3 Rxe4+ 35. Re3 Kxd5 36. Rxe4 Kxe4 37. g3 d5 38. Kf2 c4 39. Ke2 c3 40. g4 d4 41. g5 d3+ 42. Kd1 Ke3 0-1

[Event "EU-ch U10 26th"]
[Site "Prague"]
[Date "2016.08.22"]
[Round "5"]
[White "Dieguez Novoa, Benjamin"]
[Black "Springis, Jevgenijs"]
[Result "0-1"]
[WhiteElo "1068"]
[BlackElo "1261"]
[PlyCount "42"]
[EventDate "2016.08.18"]
[EventType "swiss"]
[EventRounds "9"]
[EventCountry "CZE"]
[SourceTitle "CBM 174 Extra"]
[Source "ChessBase"]
[SourceDate "2016.10.10"]
[SourceVersion "1"]
[SourceVersionDate "2016.10.10"]
[SourceQuality "1"]

1. e4 b6 2. d4 Bb7 3. Nc3 e6 4. Nf3 Nf6 5. e5 Nd5 6. Nxd5 Bxd5 7. Bd3 c5 8. c3 Qc7 9. Bf4 a6 10. Qd2 b5 11. 0-0 Qb7 12. Be2 a5 13. h3 h6 14. a3 c4 15. Rfe1 b4 16. Rab1 Nc6 17. Qc1 Rc8 18. b3 Be4 19. Ra1 cxb3 20. axb4 axb4 21. cxb4 Bxb4 0-1